Dopravné burzy: Denne státisíce ponúk

Internetové databanky poskytujú informácie o nákladoch a voľných vozidlách. Pre dopravcov je podstatný počet ponúk prepráv v databáze v reláciách, na ktoré sa špecializuje. Registrácia na viacerých burzách umožňuje dopravcom zmenšiť riziko drahých jázd naprázdno či dlhých prejazdov za tovarom. V dop...

Full description

Saved in:
Bibliographic Details
Main Author: Brezovský, Jozef
Format: Book Chapter
Language:Slovak
Subjects:
Tags: Add Tag
No Tags, Be the first to tag this record!

MARC

LEADER 00000naa a2200000 4500
001 0193545
005 20231011073638.6
041 0 |a slo 
044 |a CZ 
245 1 0 |a Dopravné burzy: Denne státisíce ponúk  |c Jozef Brezovský 
520 |a Internetové databanky poskytujú informácie o nákladoch a voľných vozidlách. Pre dopravcov je podstatný počet ponúk prepráv v databáze v reláciách, na ktoré sa špecializuje. Registrácia na viacerých burzách umožňuje dopravcom zmenšiť riziko drahých jázd naprázdno či dlhých prejazdov za tovarom. V dopravných databankách myslia aj na bezpečnosť, a preto preverujú každú novú firmu. 
610 2 0 |a doprava 
610 2 0 |a burzy 
610 2 0 |a internet 
610 2 0 |a bezpečnosť 
100 1 |a Brezovský, Jozef